Регионална библиотека "Любен Каравелов" - Русе

Рентгенология (Запис номер 56439)

MARC детайли
000 -Лидер
Контролно поле с фиксирана дължина 01494nam a2200325 c 4500
003 - Код на организацията, давaща контролен номер
Контролно поле BLK
005 - Дата и час на последна редакция
Контролно поле 20180422102010.0
008 - Елементи от данни с фиксирана дължина
fixed length control field 180408b bul|||||r ||||||| ||bul||
010 ## - Наследен системен номер
LC control number KNG00060420000
040 ## - Източник на каталожния запис
Идентификатор на билиотеката - собственик на записа BLK
041 ## - Код за език
Код за езика на текст/звукозапис или на отделно заглавие Български
Код за езика КДБФ Български
080 ## - УДК
Текстов определител УДК Рентгенодиагностика. Радиография
УДК код - определител по УДК 616-073.75
УДК определител (075.8)
УДК - код + определител 616-073.75(075.8)
100 1# - Редна дума - Автор
Автор Величков, Личо Георгиев
Авторска отговорност първи автор
R(LIN) 286874
139 ## - Редно поле
Редна дума Величков, Личо Георгиев и др.
Авторски знак Велич - В 42
245 10 - Сведения за заглавието
Заглавие Рентгенология
Подзаглавни данни Учебник за студенти по стоматология
Редно поле (дума) Личо Георгиев Величков; съавт. Никола А. Котов; съавт. Ангел Христов Томов; ред. Личо Величков.
257 ## - Страна на издаване
Страна на създаване/издаване България
260 ## - Област на издателските данни
-- София
Име на издателя, разпространителя и проч. Медицина и физкултура
Година на издаване 1987
Печатница Пловдив : Д. Благоев
300 ## - Физическа характеристика
Страници 88 с., 16 л.
Илюстрации и др. ил.
Размери/Мащаб 24 см
380 ## - Жанр
Жанр Медицина
650 #4 - Допълнително описание по предмет – тема
Основно описание – тема или топоним Рентгенология - учебници за ВУЗ
9 (RLIN) 246794
653 ## - Ключова дума – ненормативна
Ключова дума рентгенодиагностика
700 1# - Други автори (авторска отговорност)
Лично име Котов, Никола А.
Автороска отговорност (Описва отношението между автора и произведението) съавт.
9 (RLIN) 286875
700 1# - Други автори (авторска отговорност)
Лично име Томов, Ангел Христов
Автороска отговорност (Описва отношението между автора и произведението) съавт.
9 (RLIN) 369324
700 1# - Други автори (авторска отговорност)
Лично име Величков, Личо
Автороска отговорност (Описва отношението между автора и произведението) ред.
9 (RLIN) 286876
852 ## - Местоположение
Форматна сигнатура Цб 150044
856 4# - Електронен адрес и достъп
Електронен формат pdf - файл
Път до файла /url/
856 4# - Електронен адрес и достъп
Електронен формат pdf - файл
Път до файла /url/
942 ## - АРТИКУЛИ
Вид на библиотечния материал Книги
Скрит в OPAC Не
944 ## - СЪЗДАВАНЕ И РЕДАКЦИЯ на ЗАПИСА
Създаване/Редакция Създаване
Дата на регистрацията/редакция 13.06.2004
Служител, извършил регистрацията/редакцията Геновева_Генчева
944 ## - СЪЗДАВАНЕ И РЕДАКЦИЯ на ЗАПИСА
Създаване/Редакция Редакция
Дата на регистрацията/редакция 07.08.2015
Служител, извършил регистрацията/редакцията Теодора_Стоянова
999 ## - СИСТЕМНИ КОНТРОЛНИ НОМЕРА
Koha biblionumber 56439
Koha biblioitemnumber 56439
Наличности
Код за отписване Код за изгубен артикул Източник на класификационната схема Код за повреда Коз за рестрикции Код за отдаване Артикулен № Име на библиотеката - собственик Име на библиотеката, в която се намира в момента Статус (Текущо местоположение) Дата на вписване в системата Местоположение - отдел Цена в лева Инвентарен номер Систематично азбучна сигнатура Баркод Номер на екземпляра Цена в евро Служебна бележка Служебен тип на артикула
Изтеглен Не е изгубен Universal Decimal Classification Не е повреден без рестрикции ползва се в читалня 89553 Регионална библиотека "Любен Каравелов" Русе Регионална библиотека "Любен Каравелов" Русе Читалня 1993-01-01 Читалня 0.86 485380 Ч 616/В 42 485380 1 0.44 Дата инв: 17.03.2017 Бележки инв: Ч2017 Книги
  Не е изгубен Universal Decimal Classification Не е повреден без рестрикции ползва се в читалня 89554 Регионална библиотека "Любен Каравелов" Русе Регионална библиотека "Любен Каравелов" Русе Хранилище 1987-01-01 Хранилище 0.86 483871 Цб 150044 120000483871 2 0.44 Дост: Dp Вид: Сф Дата: 01.01.1987 Книги
Vip Innovations Ltd, Rousse, Bulgaria 2025